Environmental Measurement: (Record no. 332173)

000 -LEADER
fixed length control field nam a22 7a 4500
003 - CONTROL NUMBER IDENTIFIER
control field NUST
005 - DATE AND TIME OF LATEST TRANSACTION
control field 20171116115428.0
008 - FIXED-LENGTH DATA ELEMENTS--GENERAL INFORMATION
fixed length control field 171116b xxu||||| |||| 00| 0 eng d
020 ## - INTERNATIONAL STANDARD BOOK NUMBER
International Standard Book Number 8176487910
040 ## - CATALOGING SOURCE
Transcribing agency 0
082 ## - DEWEY DECIMAL CLASSIFICATION NUMBER
Classification number 628.5 RAJ
100 ## - MAIN ENTRY--PERSONAL NAME
Personal name Rajvaidya,Neelima
9 (RLIN) 2651
245 ## - TITLE STATEMENT
Title Environmental Measurement:
Remainder of title Concept & Approach
Statement of responsibility, etc. Neelima Rajvaidya
260 ## - PUBLICATION, DISTRIBUTION, ETC.
Place of publication, distribution, etc. New Delhi
Name of publisher, distributor, etc. A.P.H
Date of publication, distribution, etc. 2005
300 ## - PHYSICAL DESCRIPTION
Extent 207p.
500 ## - GENERAL NOTE
General note H.B
942 ## - ADDED ENTRY ELEMENTS (KOHA)
Source of classification or shelving scheme
Koha item type Book
Call number prefix IESE
Holdings
Withdrawn status Lost status Source of classification or shelving scheme Damaged status Not for loan Collection code Permanent Location Current Location Shelving location Date acquired Total Checkouts Full call number Barcode Date last seen Price effective from Koha item type
            Central Library (CL) Central Library (CL) General Stacks 11/16/2017   628.5 RAJ IESE-1209 11/16/2017 11/16/2017 Book
            Institute of Environmental Science and Engineering (IESE) Institute of Environmental Science and Engineering (IESE) General Stacks 11/17/2017   628.5 RAJ IESE-1275 11/17/2017 11/17/2017 Book
© 2023 Central Library, National University of Sciences and Technology. All Rights Reserved.